The prison system and its effects (Record no. 176222)
[ view plain ]
| 000 -LEADER | |
|---|---|
| fixed length control field | 02013nam a2200361 a 4500 |
| 082 04 - DEWEY DECIMAL CLASSIFICATION NUMBER | |
| Classification number | 365/.93 |
| 100 1# - MAIN ENTRY--AUTHOR NAME | |
| Personal name | Taylor, Antony. |
| 245 14 - TITLE STATEMENT | |
| Title | The prison system and its effects |
| 250 ## - EDITION STATEMENT | |
| Edition statement | Rev. and enl. ed. |
| 260 ## - PUBLICATION, DISTRIBUTION, ETC. (IMPRINT) | |
| Place of publication | Hauppauge, N.Y. : |
| Name of publisher | Nova Science Publishers, |
| Year of publication | c2011. |
| 300 ## - PHYSICAL DESCRIPTION | |
| Number of Pages | xvii, 315 p. |
| 490 1# - SERIES STATEMENT | |
| Series statement | Criminal justice, law enforcement and corrections |
| 505 0# - FORMATTED CONTENTS NOTE | |
| Formatted contents note | The aetiology of present-day prisons and other places of captivity : from banishment and slavery to brutality and transportation : Britsh and American creations : Russian, Nazi, Japanese, and Chinese places of control -- The mounting consensus of informed opinion about the need for change -- Prison overcrowding -- Conceptualizing the prison as a social system -- Assessing the general effects of long-term imprisonment -- Pathological reactions to imprisonment -- The management of captives -- The development of prisons in New Zealand -- Recent official inquiries into the prison system in New Zealand -- Overview and conclusions. |
| 650 #0 - SUBJECT ADDED ENTRY--TOPICAL TERM | |
| Topical Term | Prisons |
| 856 40 - ELECTRONIC LOCATION AND ACCESS | |
| Uniform Resource Identifier | http://site.ebrary.com/lib/rucke/Doc?id=10671333 |
No items available.
